| 000 | 01630nam a2200217Ia 4500 | ||
|---|---|---|---|
| 003 | Ost | ||
| 005 | 20260507075747.0 | ||
| 008 | 260507s9999||||xx |||||||||||||| ||und|| | ||
| 020 | _a4562375977 | ||
| 040 | _cfsecg | ||
| 041 | _aara | ||
| 082 | _a330 | ||
| 100 |
_aالبهي، سمير يوسف _eمؤلف |
||
| 245 | 0 |
_aقواعد المسؤولية التأديبية في ضوء أحكام المحكمة الإدارية العليا / _c سمير يوسف البهي |
|
| 260 |
_aالقاهرة: _bدار الكتب القانونية, _c2002 |
||
| 300 |
_a487 صفحة؛ _bإيضاحات ؛ _c25 سم |
||
| 520 | _aالجريمة التأديبية لاتخضع لقاعدة لا جريمة بدون نص- الإطار الشرعي لحق الشكوى المسؤولية الإشرافية- ضوابط وجود المسؤولية أمناء المخازن وأرباب العهد- تصرفات العامل في حياته الخاصة كمصدر للذنب الإداري- الشروط الإجرائية للتحقيق- الإتصال بالتحقيق يكون بناء على تقارير نهائية وليست مبدئية- أعضاء الإدارات القانونية الشروط الموضوعية للتحقيق- الطعن على قرار الجزاء ميعاد الطعن وبدء سريانه- المحكمة التأديبية المختصة محليا ووظيفيا- تقرير الطعن- الإطار الشرعي للقرارات الصادرة عن مجالس التأديب. | ||
| 653 | _aالقانون الإداري | ||
| 653 | _aالمسؤولية التأديبية | ||
| 942 | _cكتاب | ||
| 999 |
_c46201 _d46201 |
||